<?xml version="1.0" encoding="UTF-8"?>
<record
    xmlns:xsi="http://www.w3.org/2001/XMLSchema-instance"
    xsi:schemaLocation="http://www.loc.gov/MARC21/slim http://www.loc.gov/standards/marcxml/schema/MARC21slim.xsd"
    xmlns="http://www.loc.gov/MARC21/slim">

  <leader>00566nab a2200169   4500</leader>
  <datafield tag="999" ind1=" " ind2=" ">
    <subfield code="c">372136</subfield>
    <subfield code="d">372136</subfield>
  </datafield>
  <controlfield tag="001">721</controlfield>
  <controlfield tag="003">OSt</controlfield>
  <controlfield tag="005">20230116132208.0</controlfield>
  <controlfield tag="007">tu</controlfield>
  <controlfield tag="008">      ||||||||||||</controlfield>
  <datafield tag="040" ind1=" " ind2=" ">
    <subfield code="a">DE-2950</subfield>
    <subfield code="c">DE-2950</subfield>
  </datafield>
  <datafield tag="245" ind1="0" ind2="0">
    <subfield code="a">"wirksame polizeiliche Aufsicht &#xFC;ber die Radfahrer w&#xFC;nschenswerth"</subfield>
    <subfield code="b">Die Einf&#xFC;hrung des Fahrrads bei der K&#xF6;niglich Preu&#xDF;ischen Landgendarmerie</subfield>
    <subfield code="c">Ulrich Kober</subfield>
  </datafield>
  <datafield tag="260" ind1=" " ind2=" ">
    <subfield code="c">2022</subfield>
  </datafield>
  <datafield tag="525" ind1=" " ind2=" ">
    <subfield code="a">Enthaltene Fotografien: Foto</subfield>
  </datafield>
  <datafield tag="773" ind1="0" ind2=" ">
    <subfield code="g">Jahrgang 2/ 2022, S. 56</subfield>
    <subfield code="t">Jahresheft des Geheimen Staatsarchivs Preu&#xDF;ischer Kulturbesitz</subfield>
  </datafield>
  <datafield tag="942" ind1=" " ind2=" ">
    <subfield code="2">z</subfield>
    <subfield code="c">A</subfield>
  </datafield>
  <datafield tag="952" ind1=" " ind2=" ">
    <subfield code="0">0</subfield>
    <subfield code="1">0</subfield>
    <subfield code="2">z</subfield>
    <subfield code="4">0</subfield>
    <subfield code="7">0</subfield>
    <subfield code="a">StAFF</subfield>
    <subfield code="b">StAFF</subfield>
    <subfield code="c">GEN</subfield>
    <subfield code="d">2023-01-16</subfield>
    <subfield code="l">0</subfield>
    <subfield code="o">IV 1547.2</subfield>
    <subfield code="r">2023-01-16 00:00:00</subfield>
    <subfield code="w">2023-01-16</subfield>
    <subfield code="y">A</subfield>
  </datafield>
</record>
